000 00728nam a2200253Ia 4500
003 OSt
005 20220926014518.0
006 a|||||r|||| 00| 0
007 ta
008 220923b |||||||| |||| 00| 0 eng d
037 _cGeneral Book
040 _aRTL
_cRTL
_beng
041 _2eng
_aeng
082 _aY9(T4).73.N7, L4
100 _aTouraine Alain
245 0 _aAcademic system in American society
260 _aNew York
_bMcGraw-Hill
_c1974
300 _axvi, 319p
_ccm.
490 _aCarnegie Commission on Higher Education
500 _aBibliography: P 281-93
650 _aSociology of Education
942 _hY9(T4).73.N7, L4
_cGB
_2CC
999 _c629239
_d629239